02239cam a22004694i 4500003000900000005001700009008004100026035001800067040003300085049000900118082001900127100003900146245008400185264005100269300002800320336002100348337002500369338002300394490004200417504003900459505057600498526001001074526001001084526001001094526001001104526000801114526000801122526000801130526000801138526000801146526000801154526000801162650004801170910001801218942001401236949013401250994001401384596000601398999015401404980005501558952015601613PE-LiUPU20250731173514.0150616s r 000 0 d a(Sirsi) a7782 aPE-LiUPUbspacPE-LiUPUerda aPRUA04a270.9bS292211 aScott Latourette, Kenneth,eautor.14aThe Nineteenth Century in Europe: Background and the Roman Catholic Phase.n1. 1aNew York :bHarper and Row, Publishers,c1969. a498 páginas ;c21 cm. atext2rdacontent aunmediated2rdamedia avolume2rdacarrier0 aContemporary Evangelical Perspectives aBibliografía: páginas 469-486.0 aIrins and Basic Questions.- The course of christianity to the eve of the nineteenth century.- The storm of revolution.- Revolution mounts and proliferates: The Nineteenth-Century sSetting.- The roman catholic church and the nineteenth-century stage of the revolution: Thhe attitudes and growth in power of the papacy.- The roman catholic church is reinforced by the revival of old religious orders and congregations and the emergence of new ones, of societies and associations for worship and service, and of movements which sought to meet the challenge of the new day. aSEG42 aSEG41 aSEG40 aSEG39 aP94 aP87 aP86 aP85 aP77 aP76 aP3504aIGLESIA - HISTORIA - EUROPA - SIGLO XIX-XX. ajckbjvqcjck 2ddccBOOK a270.9 S29 1wDEWEYc1i41296lCCODEBUL1mBULp00.00r0sYtBOOKu19960604xTEOLOGIAzUNKNOWN0COMPRAo.STAFF. Colección General aC0bPEPRU a1 a270.9 S29 1wDEWEYc59063i41296f2021-11-11g5lCCODEBUL1mBULr0sYtBOOKu2015-6-16xTEOLOGIAzUNKNOWN0COMPRAo.STAFF. Colección Generald59063 81gALBERTO SANCHEZ Responsable de Automatización r2025-12-02 00:00:00i6l0o270.9 S29 1p41296te1w2015-06-16xPGyBKzinventario-2023-12-13102ddc50708GENfP85aBULbBULcGENd2015-06-16eCOMPRA